Групповые константы для расчета реакторов и защиты: Справочник

Podrobná bibliografie
Další autoři: Абагян Л. П. Лили Паруйровна (редактор), Базазянц Н. О. Нина Оганесовна, Николаев М. Н. Марк Николаевич, Цибуля А. М. Анатолий Маркович
Shrnutí:Согласовано с Государственной службой стандартных справочных данных
Jazyk:ruština
Vydáno: Москва, Энергоиздат, 1981
Témata:
Médium: MixedMaterials Kniha
KOHA link:https://koha.lib.tpu.ru/cgi-bin/koha/opac-detail.pl?biblionumber=50388

MARC

LEADER 00000nam0a2200000 4500
001 50388
005 20231031033002.0
035 |a (RuTPU)RU\TPU\book\52768 
090 |a 50388 
100 |a 20030415d1981 km y0rusy50 ca 
101 0 |a rus 
102 |a RU 
105 |a a g 001zy 
200 1 |a Групповые константы для расчета реакторов и защиты  |e Справочник  |f Л. П. Абагян, Н. О. Базазянц, М. Н. Николаев, А. М. Цибуля  |g Под ред. М. Н. Николаева 
210 |a Москва  |c Энергоиздат  |d 1981 
215 |a 231 с.  |c ил. 
300 |a Согласовано с Государственной службой стандартных справочных данных 
320 |a Библиогр. в конце глав 
451 1 |0 (RuTPU)RU\TPU\book\52771  |t Групповые константы для расчета ядерных реакторов   |f Л. П. Абагян, Н. О. Базазянц, И. И. Бондаренко, М. Н. Николаев  |c М.  |n Атомиздат  |d 1964  |p 139 с. 
610 1 |a ядерные реакторы 
610 1 |a защита 
610 1 |a расчет 
610 1 |a групповые константы 
610 1 |a нейтронные сечения 
610 1 |a нейтроны 
610 1 |a реакторы на быстрых нейтронах 
610 1 |a справочники 
675 |a 621.039.5.001.2(035)  |v 3 
701 1 |a Абагян  |b Л. П.  |g Лили Паруйровна 
701 1 |a Базазянц  |b Н. О.  |g Нина Оганесовна 
701 1 |a Николаев  |b М. Н.  |g Марк Николаевич 
701 1 |a Цибуля  |b А. М.  |g Анатолий Маркович 
702 1 |a Николаев  |b М. Н.  |g Марк Николаевич  |4 340 
801 1 |a RU  |b 63413507  |c 20030415  |g PSBO 
801 2 |a RU  |b 63413507  |c 20201008  |g PSBO 
900 |a Основы проектирования и анализ уязвимости физической защиты ядерного объекта 
900 |a Методы и приборы физических измерений 
900 |a Экспериментальная реакторная физика 
942 |c BK